00820nam a22001817a 4500003000900000008004100009040007100050082001800121100003700139245007600176260007600252300002600328505015400354650002100508650001900529650003000548710006000578AR-CdUCM190305b ||||| |||| 00| 0 spa d aMUNICIPALIDAD PROVINCIAL DEL CUSCOcBIBLIOTECA MUNICIPAL DEL CUSCO a300.7 /bP438 aPérez Rosas Cáceres, Augusto aFuentes bibliográficas peruanas en las ciencias sociales, 1879-1979 / aLima : bDESCO, Centro de Estudios y Promoción del Desarrollo,c1981. a400 paginas ;c20 cm. aCiencias sociales en el Perú (notas y comentarios) -- Anotaciones metodológicas -- Ciencias sociales en general -- Economía -- Educación... aCiencias sociale aTrabajo social aAntropologia y sociologia a Centro de Estudios y Promoción del Desarrollo (Lima)